[Event "16th Monarch Assurance"]
[Site "Port Erin IOM"]
[Date "2007.09.28"]
[Round "7"]
[White "Wells,P"]
[Black "Spraggett,K"]
[Result "1-0"]
[WhiteElo "2517"]
[BlackElo "2585"]

1.d4 g6 2.e4 d6 3.Nc3 Bg7 4.f4 Nf6 5.Nf3 O-O 6.Bd3 Na6 7.O-O c5 8.d5 Bg4
9.Bc4 Nc7 10.h3 Bxf3 11.Qxf3 e6 12.dxe6 fxe6 13.Be3 b6 14.Rad1 Qe7 15.Bf2 Nd7
16.Qg4 Kh8 17.Bh4 Bf6 18.Bxf6+ Rxf6 19.Nb5 Nxb5 20.Bxb5 Nf8 21.Qh4 Kg7 22.Rf3 Rd8
23.Rfd3 e5 24.f5 h6 25.Bc4 Nh7 26.Qg4 g5 27.Qh5 Qb7 28.Bd5 Qc7 29.h4 Kf8
30.Rg3 Qg7 31.Kf2 Ke7 32.Rh1 Rd7 33.a4 Kf8 34.Ke2 Rc7 35.b3 a6 36.hxg5 Nxg5
37.Rh4 b5 38.axb5 axb5 39.Rhg4 Qh7 40.Rxg5 hxg5 41.Qxg5 Qh8 42.Qg8+ Qxg8
43.Rxg8+ Ke7 44.g4  1-0

[Event "16th Monarch Assurance"]
[Site "Port Erin IOM"]
[Date "2007.09.29"]
[Round "8"]
[White "Phillips,R"]
[Black "Fairbairn,S"]
[Result "1/2-1/2"]
[WhiteElo "2271"]
[BlackElo "2091"]

1.d4 d6 2.e4 g6 3.Nc3 Bg7 4.Be3 a6 5.Nf3 b5 6.Bd3 Nd7 7.O-O Bb7 8.Ne2 c5
9.c3 c4 10.Bc2 Ngf6 11.Ng3 O-O 12.h3 Qc7 13.Qd2 Rfe8 14.Bh6 Rad8 15.Rae1 e5
16.Bxg7 Kxg7 17.d5 Ng8 18.Nh2 Rf8 19.h4 h6 20.h5 g5 21.Nf5+ Kh7 22.Ng4 f6
23.g3 Nc5 24.Kg2 Qf7 25.Qe3 Qc7 26.f4 Bc8 27.b4 cxb3 28.axb3 Bxf5 29.exf5 gxf4
30.gxf4 Qf7 31.Rf3 e4 32.Bxe4 Rfe8 33.Qd4 Nxb3 34.Qd1 Nc5 35.Bb1 Qxh5 36.Rg3 Rxe1
37.Qxe1 Qf7 38.Ne3 Ne7 39.Rg6 Rg8 40.Qh4 Nxg6 41.fxg6+ Rxg6+ 42.Kh2 Kg7 43.Nf5+ Kf8
44.Nxd6 Qg8 45.Bxg6 Qxg6 46.Qh3 Qc2+ 47.Kg1 Qd1+ 48.Kh2 Qd2+ 49.Kg1 Qd1+  1/2-1/2

[Event "27th Open"]
[Site "Munich GER"]
[Date "2007.09.30"]
[Round "2"]
[White "Koepke,C"]
[Black "Kretschel,K"]
[Result "1-0"]
[WhiteElo "2295"]
[BlackElo "2140"]

1.e4 d6 2.d4 g6 3.Nc3 Bg7 4.f4 Nf6 5.Nf3 O-O 6.Be3 Nbd7 7.Qd2 a6 8.e5 Ng4
9.O-O-O Nxe3 10.Qxe3 b5 11.h4 Re8 12.h5 Nf8 13.hxg6 fxg6 14.Bd3 d5 15.Kb1 Bg4
16.Rh4 Bxf3 17.Qxf3 e6 18.Rdh1 Qe7 19.g4 c5 20.dxc5 Qxc5 21.Qh3 Ra7 22.Ne2 a5
23.Rxh7 Nxh7 24.Qxh7+ Kf8 25.Qxg6 Rf7 26.Qg5 Ree7 27.Bg6 Qf2 28.Bxf7 Qxe2
29.Rh8+  1-0

[Event "16th Monarch Assurance"]
[Site "Port Erin IOM"]
[Date "2007.09.30"]
[Round "9"]
[White "Casper,T"]
[Black "Pavlovic,Milos"]
[Result "0-1"]
[WhiteElo "2421"]
[BlackElo "2541"]

1.e4 g6 2.d4 d6 3.Nc3 Bg7 4.Nf3 Nf6 5.Be2 O-O 6.O-O c5 7.dxc5 dxc5 8.Qxd8 Rxd8
9.Be3 b6 10.Rad1 Nc6 11.Nd5 Nxd5 12.exd5 Nb4 13.c3 Nxd5 14.c4 Ba6 15.Bc1 Nb4
16.a3 Na2  0-1

[Event "GM"]
[Site "Corfu GRE"]
[Date "2007.10.01"]
[Round "1"]
[White "Dembo,Y"]
[Black "Simeonidis,I"]
[Result "1/2-1/2"]
[WhiteElo "2448"]
[BlackElo "2268"]

1.e4 g6 2.d4 Bg7 3.Nc3 d6 4.Be3 c6 5.Qd2 b5 6.Bd3 Nd7 7.Nf3 Qc7 8.a3 Bb7
9.O-O Ngf6 10.Bh6 O-O 11.Rfe1 e5 12.Bxg7 Kxg7 13.Rad1 a6 14.Bf1 Rad8 15.Nh4 h6
16.f4 c5 17.fxe5 dxe5 18.d5 c4 19.Kh1 Nc5 20.Qe3 Bc8 21.Be2 Ne8 22.Qg3 Kh7
23.Bg4 Bxg4 24.Qxg4 Nd6 25.Re3 Qd7 26.Qe2 Rc8 27.Rh3 Kg7 28.Rg3 Kh7 29.Qe3 Rh8
30.Rh3 Kg7 31.Qg3 Rce8 32.Qe3 Rc8 33.Qf3 Qe7 34.Re1 a5 35.Nd1 Qf6 36.Nf2 Qxf3
37.gxf3 b4 38.axb4 axb4 39.Ng4 Rhe8 40.Rg1 h5 41.Ne3 Kh7 42.Nhf5 Nxf5  1/2-1/2

[Event "Open"]
[Site "Corfu GRE"]
[Date "2007.10.04"]
[Round "4"]
[White "Kleifges,M"]
[Black "Papenbrock,V"]
[Result "0-1"]
[WhiteElo "2152"]
[BlackElo "2188"]

1.e4 g6 2.d4 Bg7 3.Nc3 d6 4.f4 Nf6 5.Nf3 O-O 6.Be3 c6 7.Qd2 b5 8.a3 Bg4 9.Be2 Nbd7
10.e5 Ne8 11.h3 Bxf3 12.Bxf3 Rc8 13.Rd1 Nb6 14.b3 a6 15.O-O f5 16.Na2 Nd5
17.c4 Nxe3 18.Qxe3 Qd7 19.Nb4 a5 20.Nd3 bxc4 21.bxc4 Nc7 22.Qd2 Ra8 23.Rb1 Rfb8
24.Qc3 Kf8 25.Rfd1 Rxb1 26.Rxb1 dxe5 27.Nxe5 Bxe5 28.dxe5 Ne6 29.Rd1 Qa7+
30.Kh2 Qc5 31.g3 Rb8 32.Bg2 a4 33.Qf3 Rb6 34.Qd3 Kf7 35.Rc1 Rb3 36.Rc3 Rb2
37.Qf3 h5 38.Qxc6 Qxc6  0-1

[Event "Open"]
[Site "Winterthur SUI"]
[Date "2007.10.05"]
[Round "1"]
[White "Jenni,F"]
[Black "Torricelli,A"]
[Result "1-0"]
[WhiteElo "2511"]
[BlackElo "1984"]

1.e4 g6 2.d4 Bg7 3.Nc3 d6 4.Be3 Nf6 5.h3 c6 6.Nf3 Nbd7 7.e5 Nd5 8.Nxd5 cxd5
9.exd6 exd6 10.c3 O-O 11.g4 Nf6 12.Qb3 Be6 13.Ng5 Ne4 14.Nxe6 fxe6 15.Bg2 Ng5
16.f4 Nf7 17.O-O Qe7 18.Rae1 Bh6 19.g5 Bg7 20.Bd2 Qd7 21.h4 Rae8 22.Bh3 Qc8
23.Re2 Kh8 24.Rfe1 Qc7 25.Rxe6 Rxe6 26.Bxe6 Re8 27.Qxd5 Nd8 28.f5 gxf5 29.Bxf5 Rxe1+
30.Bxe1 h6 31.Bg3 hxg5 32.hxg5 Qe7 33.Qh1+ Kg8 34.Bh7+ Kh8 35.Bd3+ Kg8 36.Bc4+ Kf8
37.Qf3+ Ke8  1-0

[Event "WJun"]
[Site "Yerevan ARM"]
[Date "2007.10.06"]
[Round "4"]
[White "Arngrimsson,D"]
[Black "Arun,K"]
[Result "1-0"]
[WhiteElo "2323"]
[BlackElo "2391"]

1.e4 d6 2.d4 g6 3.Nc3 Bg7 4.Be3 a6 5.Bd3 Nd7 6.Nf3 b5 7.Ne2 c5 8.c3 Bb7 9.h3 Ngf6
10.Ng3 O-O 11.O-O e5 12.d5 c4 13.Bc2 Kh8 14.Qd2 Ng8 15.Nh2 Qe7 16.Ng4 Ndf6
17.Bg5 Bc8 18.Nxf6 Bxf6 19.Bxf6+ Nxf6 20.f4 exf4 21.Qxf4 Nd7 22.Ne2 f6 23.Nd4 Ne5
24.Rad1 Bd7 25.Rf2 Rab8 26.Rdf1 b4 27.Qh4 Kg7 28.Qg3 bxc3 29.Qxc3 Rb6 30.Ba4 Bc8
31.Nc6 Nxc6 32.Bxc6 a5 33.Qxa5 Rb8 34.Rc1 f5 35.Rxc4 fxe4 36.Qc3+ Kg8 37.Rxf8+ Qxf8
38.Rxe4 Bf5 39.Re1 Qf7 40.Qd4 Rf8 41.b4 h5 42.b5 g5 43.b6 g4 44.hxg4 Bc8
45.Qe3 Kh8 46.Qh6+ Kg8 47.Qg5+ Kh8 48.Re7 Qf2+ 49.Kh2  1-0

[Event "TCh-BEL 2007-8"]
[Site "Belgium BEL"]
[Date "2007.10.07"]
[Round "1"]
[White "Leenhouts,K"]
[Black "Lemmers,O"]
[Result "1-0"]
[WhiteElo "2393"]
[BlackElo "2390"]

1.e4 d6 2.d4 g6 3.Nc3 Bg7 4.Nf3 Nf6 5.h3 c6 6.a4 O-O 7.Be3 Nbd7 8.a5 e5 9.dxe5 Nxe5
10.Nxe5 dxe5 11.Qxd8 Rxd8 12.Bc4 Nh5 13.O-O Kf8 14.Rfd1 Rxd1+ 15.Rxd1 Ke8
16.a6 bxa6 17.Rd6 Rb8 18.Rxc6 Be6 19.Bxe6 fxe6 20.Rxe6+ Kf8 21.b4 Kf7 22.Rxa6 Rxb4
23.Rxa7+ Kg8 24.Rc7 Nf4 25.f3 Ne6 26.Re7 Nd4 27.Bxd4 exd4 28.Nd5 Rb1+ 29.Kh2 Rc1
30.e5 Rxc2 31.e6 Rc8 32.f4 d3 33.Rd7 Kf8 34.Rf7+ Ke8 35.Rxg7 d2 36.Rg8+  1-0

[Event "IV Amateur Open"]
[Site "Calvia ESP"]
[Date "2007.10.09"]
[Round "4"]
[White "Iglesias,Joa"]
[Black "Chasovnikova,E"]
[Result "1-0"]
[WhiteElo "2127"]
[BlackElo "2197"]

1.d4 g6 2.e4 Bg7 3.Nc3 d6 4.Be3 a6 5.Qd2 Nd7 6.Nf3 b5 7.a3 Bb7 8.Be2 c5 9.dxc5 dxc5
10.O-O-O b4 11.axb4 cxb4 12.Nd5 Qa5 13.Qxb4 Qxb4 14.Nxb4 Ngf6 15.Nd5 Rc8
16.Nxf6+ Nxf6 17.e5 Ng4 18.Bd4 O-O 19.Rhe1 Rfd8 20.c3 Bh6+ 21.Kb1 Be4+ 22.Ka2 Rd5
23.b3 Bc2 24.Ra1 f6 25.Bxa6 Rc7 26.h3 fxe5 27.Nxe5 Rxd4 28.cxd4 Nxf2 29.Re2 Nd1
30.Bc4+ Kg7 31.Rxc2 Ne3 32.Rc3 Nd5 33.Kb2 Nxc3 34.Kxc3  1-0

[Event "WJun"]
[Site "Yerevan ARM"]
[Date "2007.10.09"]
[Round "7"]
[White "Simonian,H"]
[Black "Vandenbussche,T"]
[Result "1-0"]
[WhiteElo "2405"]
[BlackElo "2205"]

1.e4 g6 2.d4 Bg7 3.Nc3 d6 4.Be3 a6 5.a4 b6 6.Qd2 e6 7.g3 Nd7 8.Bg2 Bb7 9.Nge2 h6
10.O-O Ne7 11.Rad1 d5 12.exd5 exd5 13.Nc1 Nf6 14.Rfe1 Kf8 15.a5 Nf5 16.axb6 cxb6
17.Na4 Bc6 18.Bf4 Kg8 19.Qb4 Kh7 20.Nxb6 Bf8 21.Qb3 Ra7 22.Be5 Rb7 23.Bxf6 Qxf6
24.Nxd5 Bxd5 25.Qxd5 Rxb2 26.Qc4 Rb4 27.Qa2 Rxd4 28.Nd3 Bg7 29.Rb1 Rd7 30.Nc5 Ra7
31.Ne4 Qd8 32.Rbd1 Qc7 33.c4 Nd4 34.Rc1 Rb8 35.c5 Rb2 36.Qc4 Nb3 37.Rb1 Na5
38.Qd5 Rab7 39.Rbd1 Rc2 40.Qd3 Rbb2 41.Qxa6 Nb3 42.Qd6 Qa7 43.Rd5 Na5 44.Rf1 Nc4
45.Nf6+ Bxf6 46.Qxf6 Rd2 47.Rxd2 Nxd2 48.Qxb2  1-0

[Event "IV Amateur Open"]
[Site "Calvia ESP"]
[Date "2007.10.11"]
[Round "6"]
[White "Iglesias,Joa"]
[Black "Cruz Alvarez de Ron,D"]
[Result "1-0"]
[WhiteElo "2127"]
[BlackElo "2231"]

1.d4 g6 2.e4 Bg7 3.Nc3 d6 4.Be3 Nd7 5.Qd2 a6 6.Nf3 b5 7.a4 b4 8.Ne2 a5 9.Ng3 Bb7
10.Bd3 c5 11.c3 Qc7 12.O-O Ngf6 13.h3 c4 14.Bb1 b3 15.Bh6 Bxh6 16.Qxh6 O-O-O
17.Ng5 Rdf8 18.f4 Qc6 19.Rf2 e5 20.fxe5 dxe5 21.Nf3 exd4 22.cxd4 c3 23.Qc1 Kb8
24.Qxc3 Qxc3 25.bxc3 Rc8 26.Ra3 Rxc3 27.Rb2 Rhc8 28.Raxb3 Rxb3 29.Rxb3 Rc4
30.Rb5 Rxa4 31.e5 Nd5 32.Be4 N7b6 33.Bxd5 Nxd5 34.Ne4 Ra1+ 35.Kf2 Kc7 36.Nc5 Bc6
37.Na6+ Kd8 38.Rc5 Bb7 39.Ng5 Ke7 40.Nc7 Nf4 41.Ke3 Nxg2+ 42.Kd2 h6 43.Nh7 Nh4
44.Nb5 Ra2+ 45.Kc3 Be4 46.Rc7+ Ke6 47.Nf8+ Kf5 48.Rxf7+ Kg5 49.Nh7+ Kh5 50.Nf6+  1-0

[Event "FIDE"]
[Site "Corsico ITA"]
[Date "2007.10.13"]
[Round "5"]
[White "Mione,D"]
[Black "Gagliardi,Ch"]
[Result "1/2-1/2"]
[WhiteElo "2254"]
[BlackElo "2184"]

1.e4 g6 2.d4 Bg7 3.Nc3 d6 4.Be3 a6 5.f4 b5 6.Be2 Bb7 7.Bf3 Nd7 8.e5 Qc8 9.Bxb7 Qxb7
10.Qf3 Qxf3 11.Nxf3 Nb6 12.O-O-O Nh6 13.h3 b4 14.Ne4 Nd5 15.Bd2 Kd7 16.c4 bxc3
17.Nxc3 Nxc3 18.bxc3 d5 19.g4 f5 20.g5 Nf7 21.Kc2 Nd8 22.Rb1 Nc6 23.Be3 e6
24.Nd2  1/2-1/2

[Event "Open"]
[Site "Winterthur SUI"]
[Date "2007.10.13"]
[Round "9"]
[White "Jenni,F"]
[Black "Ballmann,M"]
[Result "1/2-1/2"]
[WhiteElo "2511"]
[BlackElo "2403"]

1.e4 g6 2.d4 Bg7 3.Nc3 d6 4.Be3 a6 5.a4 Nf6 6.Nf3 O-O 7.h3 c6 8.Qd2 Qc7 9.Be2 Nbd7
10.O-O b6 11.Bh6  1/2-1/2

[Event "TCh-ROU Superliga"]
[Site "Predeal ROU"]
[Date "2007.10.14"]
[Round "2"]
[White "Horvat,Dan"]
[Black "Grunberg,M"]
[Result "0-1"]
[WhiteElo "2095"]
[BlackElo "2427"]

1.e4 g6 2.d4 Bg7 3.Nc3 d6 4.Be3 a6 5.h3 b5 6.Bd3 Nd7 7.Nf3 c5 8.O-O Bb7 9.b3 Rc8
10.Qd2 cxd4 11.Bxd4 Bxd4 12.Nxd4 Ngf6 13.Rfe1 Qa5 14.Nb1 Qb6 15.Qe3 e5 16.Nf3 Qxe3
17.Rxe3 Nc5 18.Nbd2 Ke7 19.a4 bxa4 20.bxa4 Bc6 21.Nb3 Nfxe4 22.Bc4 f6 23.Nxc5 Nxc5
24.Nd4 Bb7 25.f4 Rb8 26.Rb1 Be4 27.Rxb8 Rxb8 28.fxe5 dxe5 29.Nb3 Nxb3 30.cxb3 Bb7
31.a5 Rd8 32.Rc3 Rd1+ 33.Kf2 Kd6 34.Be2 Rd4 35.Bc4 f5 36.b4 Rd2+ 37.Ke1 Rxg2
38.Rd3+ Kc7 39.b5 axb5 40.Bxb5 Ra2 41.Rd7+ Kc8 42.a6 Bxa6 43.Ra7 Ra5 44.Be2 Ra3
45.Rxa6 Rxh3 46.Re6 e4 47.Bb5 Rb3 48.Bc6 Kc7 49.Ba4 Rb4 50.Bc6 Rb6 51.Bd5 Rxe6
52.Bxe6 Kd6 53.Bg8 Ke7 54.Kf2 Kf6 55.Kg3 h5 56.Kh4 f4 57.Bc4 Ke5  0-1

[Event "3rd Arctic Cup"]
[Site "Salekhard RUS"]
[Date "2007.10.14"]
[Round "7"]
[White "Potapov,P"]
[Black "Kopylov,Al2"]
[Result "1/2-1/2"]
[WhiteElo "2379"]
[BlackElo "2328"]

1.e4 g6 2.d4 d6 3.Nc3 Bg7 4.Be3 c6 5.h3 Nd7 6.Nf3 Ngf6 7.Bd3 Qc7 8.O-O O-O
9.Ne2 e5 10.dxe5 Nxe5 11.Nxe5 dxe5 12.Ng3 Re8 13.Qd2 Be6 14.Rfd1 Rad8 15.Qc3 Nd7
16.Bc4 Nf8 17.Ne2 a6 18.a4 Rxd1+ 19.Rxd1 Rd8 20.Rd3 Bxc4 21.Qxc4  1/2-1/2

[Event "WJun"]
[Site "Yerevan ARM"]
[Date "2007.10.14"]
[Round "11"]
[White "Abhishek,D"]
[Black "Vandenbussche,T"]
[Result "1/2-1/2"]
[WhiteElo "2383"]
[BlackElo "2205"]

1.e4 g6 2.d4 Bg7 3.Nc3 d6 4.f4 Nc6 5.Be3 Nf6 6.Nf3 O-O 7.d5 Nb8 8.Qd2 c6
9.O-O-O Bg4 10.Be2 cxd5 11.exd5 Nbd7 12.Nd4 Nb6 13.Nb3 Bf5 14.Bd4 Rc8 15.Bd3 Bg4
16.Rdf1 Nbxd5 17.Nxd5 Nxd5 18.Bxg7 Kxg7 19.Bxg6 hxg6 20.Qxd5 Qb6 21.Kb1 Qc6
22.Qd2 e5 23.f5 Bxf5 24.Rxf5 gxf5 25.Qg5+ Kh8 26.Qf6+ Kg8 27.Qg5+ Kh8 28.Qf6+  1/2-1/2

[Event "WJun"]
[Site "Yerevan ARM"]
[Date "2007.10.16"]
[Round "13"]
[White "Ibarra Chami,L"]
[Black "Nithander,V"]
[Result "0-1"]
[WhiteElo "2416"]
[BlackElo "2367"]

1.e4 g6 2.d4 Bg7 3.Nc3 d6 4.Nf3 a6 5.Bc4 b5 6.Bb3 e6 7.a4 b4 8.Ne2 Nd7 9.Bg5 Ne7
10.Qd2 h6 11.Bxe7 Qxe7 12.Qxb4 c5 13.Qd2 cxd4 14.Nfxd4 Bb7 15.O-O e5 16.Nf3 Nc5
17.Nc3 Nxe4 18.Nxe4 Bxe4 19.Bd5 Bxd5 20.Qxd5 O-O 21.Rad1 Rfd8 22.Nd2 Rac8
23.b4 Rxc2 24.Rc1 Rdc8 25.Rxc2 Rxc2 26.Nc4 Qe6 27.Qa8+ Kh7 28.Ne3 Rb2 29.Nd5 e4
30.b5 axb5 31.axb5 Bd4 32.h3 h5 33.Qc6 Rxf2 34.Rxf2 Qf5 35.Qc2 Qxd5 36.Kh1 Bxf2
37.Qxf2 e3 38.Qxe3 Qxb5 39.Qf4 Qd5 40.Kg1 Kg7 41.Qa4 Qe5 42.Qd7 h4 43.Qd8 Qd4+
44.Kh2 d5 45.Kh1 Qe4  0-1

[Event "3rd Arctic Cup"]
[Site "Salekhard RUS"]
[Date "2007.10.17"]
[Round "10"]
[White "Shcherbin,M"]
[Black "Rozum,I"]
[Result "1/2-1/2"]
[WhiteElo "2229"]
[BlackElo "2411"]

1.e4 g6 2.d4 Bg7 3.Nc3 d6 4.Bg5 Nf6 5.f4 c6 6.Qd2 b5 7.Bd3 O-O 8.Nf3 Bg4
9.O-O-O b4 10.Ne2 a5 11.f5 d5 12.Bxf6 exf6 13.Qf4 dxe4 14.Bxe4 Bxf3 15.gxf3 a4
16.Rhg1 b3 17.cxb3 a3 18.Nc3 Qa5  1/2-1/2

[Event "Open A"]
[Site "Arco di Trento ITA"]
[Date "2007.10.20"]
[Round "1"]
[White "Vuelban,V"]
[Black "Blasco,D"]
[Result "1-0"]
[WhiteElo "2410"]
[BlackElo "1969"]

1.e4 g6 2.d4 Bg7 3.Nc3 d6 4.Nf3 a6 5.Be3 Nd7 6.a4 b6 7.Bd3 e6 8.Qd2 h6 9.O-O Ne7
10.Ne2 Bb7 11.Ng3 Nf6 12.h3 g5 13.e5 Nfd5 14.Nh5 Kf8 15.c4 Nxe3 16.fxe3 Bxf3
17.Rxf3 dxe5 18.Raf1 f5 19.g4 Qd7 20.gxf5 exf5 21.Bxf5 Nxf5 22.Rxf5+ Kg8
23.Nxg7 Qxg7 24.Qg2 Rd8 25.Rxe5 Kh7 26.Qe4+  1-0

[Event "Open A"]
[Site "Arco di Trento ITA"]
[Date "2007.10.20"]
[Round "1"]
[White "Vezzosi,P"]
[Black "Stolfa,R"]
[Result "1-0"]
[WhiteElo "2323"]
[BlackElo "1926"]

1.e4 d6 2.d4 g6 3.Nc3 Bg7 4.Be3 Nc6 5.Bb5 Bd7 6.Nf3 Nh6 7.h3 f6 8.d5 Ne5
9.Nd4 c6 10.Ba4 Qc8 11.Qe2 b5 12.dxc6 bxa4 13.cxd7+ Qxd7 14.Qa6 O-O 15.f4 Nef7
16.Qxa4 Qb7 17.Qb5 Rfb8 18.Qxb7 Rxb7 19.O-O-O Nd8 20.f5 Kf7 21.g4 g5 22.Rd3 Kg8
23.Nd5 Nhf7 24.Rb3 Rab8 25.Nxe7+ Kf8 26.Nd5 Ne5 27.Ne6+ Nxe6 28.fxe6 Rxb3
29.axb3 Nc6 30.Rf1 Ke8 31.Nxf6+ Ke7 32.Bxg5  1-0

[Event "TCh-BEL 2007-8"]
[Site "Belgium BEL"]
[Date "2007.10.21"]
[Round "2"]
[White "Allaert,D"]
[Black "Vandenbussche,T"]
[Result "0-1"]
[WhiteElo "2071"]
[BlackElo "2205"]

1.e4 g6 2.d4 Bg7 3.Nc3 d6 4.f4 Nc6 5.Be3 Nf6 6.h3 O-O 7.Nf3 Nh5 8.Bd3 e5
9.fxe5 dxe5 10.d5 Nd4 11.Qd2 Nxf3+ 12.gxf3 Qh4+ 13.Bf2 Qf6 14.O-O-O Bd7 15.Be3 Nf4
16.h4 h6 17.Ne2 c6 18.c4 Nxd3+ 19.Qxd3 cxd5 20.cxd5 Qxf3 21.Rdf1 Bb5 22.Rxf3 Bxd3
23.Ng3 f5 24.Bc5 fxe4 25.Rxd3 exd3 26.Bxf8 Rxf8 27.Kd2 Rf4 28.Rc1 Rd4 29.Rc7 Bf6
30.Rxb7 Bxh4 31.Nf1 Bg5+ 32.Kd1 Rc4 33.Nd2 Rc2 34.Nb3 Rxb2 35.Nc5 Rxa2 36.Rb8+ Kf7
37.Rb7+ Ke8 38.Rb8+ Ke7 39.Rb7+ Kd6 40.Ne4+ Kxd5 41.Nc3+ Kc6  0-1

[Event "Open A"]
[Site "Arco di Trento ITA"]
[Date "2007.10.23"]
[Round "4"]
[White "Giaracuni,C"]
[Black "Rossi,Pao"]
[Result "0-1"]
[WhiteElo "1759"]
[BlackElo "1884"]

1.d4 g6 2.Nc3 Bg7 3.e4 d6 4.h3 h6 5.Nf3 Nd7 6.Bd3 e6 7.Be3 Ne7 8.O-O a6 9.Qd2 b6
10.b4 Bb7 11.a4 Nf6 12.e5 Nfd5 13.Be4 Nxe3 14.Qxe3 Nf5 15.Bxf5 gxf5 16.Rfd1 Qe7
17.b5 a5 18.Qf4 O-O-O 19.Rd2 Rhg8 20.Re1 dxe5 21.Nxe5 Bxe5 22.dxe5 Rxg2+
23.Kf1 Rxd2 24.Qxd2 Qh4 25.Rd1 Qc4+ 26.Qd3 Qxd3+ 27.Rxd3 Rg5 28.Rg3 Kd7 29.Ke2 Ke7
30.Ke3 f6 31.Kd4 f4 32.exf6+ Kxf6 33.Rxg5 hxg5 34.Ne4+ Kf5 35.Nc5 bxc5+ 36.Kxc5 e5
37.b6 cxb6+ 38.Kxb6 Bd5 39.Kxa5 e4 40.Kb4 e3 41.fxe3 fxe3 42.Kc3 Bc4 43.a5 Ba6  0-1

[Event "Open A"]
[Site "Arco di Trento ITA"]
[Date "2007.10.24"]
[Round "5"]
[White "Acunzo,D"]
[Black "Blasco,D"]
[Result "0-1"]
[WhiteElo "1774"]
[BlackElo "1969"]

1.e4 g6 2.d4 Bg7 3.Nc3 d6 4.f4 a6 5.Nf3 b5 6.Bd3 Nd7 7.O-O c5 8.dxc5 Nxc5
9.Qe1 b4 10.Ne2 Qb6 11.Kh1 Bb7 12.Ng3 Nh6 13.Rb1 O-O 14.h3 Kh8 15.f5 Ng8
16.Ng5 Nxd3 17.cxd3 h6 18.Nf3 Nf6 19.fxg6 fxg6 20.Nh4 Kh7 21.Be3 Qb5 22.Qd2 Bxe4
23.Rf4 Qxd3 24.Nxe4 Qxb1+ 25.Kh2 Nxe4  0-1

[Event "ch-Euro Blitz"]
[Site "Ajaccio FRA"]
[Date "2007.10.25"]
[Round "5"]
[White "Massoni,M"]
[Black "Tkachiev,V"]
[Result "0-1"]
[WhiteElo "2153"]
[BlackElo "2661"]

1.d4 d6 2.e4 g6 3.Nc3 Bg7 4.Be2 Nf6 5.Be3 Nc6 6.h3 e5 7.Nf3 exd4 8.Nxd4 O-O
9.O-O Re8 10.Nxc6 bxc6 11.Qd3 a5 12.f4 Ba6 13.Qd2 Bxe2 14.Qxe2 Nxe4 15.Nxe4 Rxe4
16.Qf3 Qe7 17.Rae1 Bxb2 18.f5 Rxe3 19.Rxe3 Bd4 20.Re1 Re8 21.Kf2 gxf5 22.Qxc6 Bxe3+
23.Kf3 Qe5 24.Rh1 Ra8  0-1

[Event "Open A"]
[Site "Arco di Trento ITA"]
[Date "2007.10.25"]
[Round "6"]
[White "Tomassoni,L"]
[Black "Idili,L"]
[Result "1-0"]
[WhiteElo "1975"]
[BlackElo "1735"]

1.e4 d6 2.d4 g6 3.Nc3 Bg7 4.f4 Nf6 5.Nf3 O-O 6.Bd3 Na6 7.e5 Nd7 8.Ne4 h6
9.Bd2 b6 10.Qe2 Nab8 11.h4 c5 12.c3 d5 13.g4 c4 14.Bc2 Bb7 15.Ng3 e6 16.O-O-O b5
17.h5 Qe8 18.hxg6 fxg6 19.f5 exf5 20.gxf5 g5 21.Rde1 Nc6 22.Qg2 Qe7 23.Rhf1 g4
24.f6 gxf3 25.fxe7 fxg2 26.exf8=Q+ Nxf8 27.Rg1 Ne6 28.Rxg2 Ng5 29.Nf5 Rf8
30.Bxg5 Rxf5 31.Bxf5 hxg5 32.Rxg5 Ne7 33.Be6+ Kh7 34.Kc2 Bh6 35.Rh1 Bc6 36.Rgh5  1-0

[Event "Open A"]
[Site "Arco di Trento ITA"]
[Date "2007.10.25"]
[Round "6"]
[White "Burani,E"]
[Black "Vistisen,L"]
[Result "1-0"]
[WhiteElo "2017"]
[BlackElo "2153"]

1.e4 g6 2.d4 d6 3.Nc3 Bg7 4.Bc4 Nd7 5.Nf3 a6 6.Ng5 e6 7.Bxe6 Nh6 8.Bxf7+ Nxf7
9.Ne6 Qf6 10.Nxc7+ Kd8 11.N3d5 Qh4 12.Ne6+ Ke8 13.Nxg7+ Kf8 14.Ne6+ Kg8 15.Qf3 h6
16.g3  1-0

[Event "Open A"]
[Site "Arco di Trento ITA"]
[Date "2007.10.26"]
[Round "7"]
[White "Acunzo,D"]
[Black "Perich,S"]
[Result "1/2-1/2"]
[WhiteElo "1774"]
[BlackElo "1995"]

1.e4 d6 2.d4 g6 3.Nc3 Bg7 4.f4 a6 5.Nf3 e6 6.Bd3 Ne7 7.Be3 f5 8.e5 d5 9.Qd2 b5
10.Ng5 h6 11.Nf3 Nd7 12.Ne2 Nb6 13.b3 Bd7 14.Nc1 Nc6 15.c3 Qe7 16.a3 Nd8
17.Be2 Nb7 18.Nd3 O-O 19.Bd1 Rfb8 20.Qf2 Bf8 21.O-O Qg7 22.Nh4 Be7 23.Kh1 g5
24.fxg5 hxg5 25.g3 gxh4 26.gxh4 Qh7 27.Rg1+ Kf7 28.Nf4 Bxh4 29.Bh5+ Qxh5
30.Nxh5 Bxf2 31.Rg7+ Ke8 32.Bxf2 Kd8 33.Bh4+ Kc8 34.Rg8+ Nd8 35.Rxd8+ Kb7
36.Rxb8+ Rxb8 37.Nf6 Rh8 38.Bg3 Be8 39.h4 Nd7 40.Nxe8 Rxe8 41.Kg2 Rg8 42.Kf3 Kc8  1/2-1/2

[Event "Open A"]
[Site "Arco di Trento ITA"]
[Date "2007.10.27"]
[Round "8"]
[White "Ricci,Alf"]
[Black "Maneschi,G"]
[Result "1-0"]
[WhiteElo "2010"]
[BlackElo "2071"]

1.e4 g6 2.d4 Bg7 3.Nc3 d6 4.Be3 a6 5.h4 h5 6.Nh3 b5 7.Bd3 Nd7 8.Ng5 Bb7 9.Qf3 Nh6
10.Ne2 e5 11.d5 Nc5 12.O-O-O f6 13.Bxc5 fxg5 14.Be3 gxh4 15.Qh3 Bf6 16.f3 g5
17.Kb1 Qe7 18.c4 b4 19.Rc1 c5 20.dxc6 Bxc6 21.Rhd1 g4 22.Qh1 Bg5 23.f4 exf4
24.Bxf4 O-O 25.Bxg5 Qxg5 26.Nd4 Bd7 27.Qe1 a5 28.Nb5 Bxb5 29.cxb5 Rac8 30.Bc4+ Nf7
31.Rd5 Qg6 32.Qe3 Kh7 33.Qd4 Qh6 34.b3 Rfd8 35.b6 Rc6 36.Rxa5 Rb8 37.Ra7 Rf8
38.Rf1 Qg6 39.Raxf7+ Rxf7 40.Rxf7+ Kh6 41.Qe3+ Qg5 42.Rf6+  1-0

[Event "22nd GP Open A"]
[Site "Le Touquet FRA"]
[Date "2007.10.27"]
[Round "1"]
[White "Degraeve,JM"]
[Black "Larmuseau,Ma"]
[Result "1/2-1/2"]
[WhiteElo "2546"]
[BlackElo "2042"]

1.e4 d6 2.d4 g6 3.Nc3 Bg7 4.Be3 c6 5.h3 b5 6.Bd3 Nd7 7.Nf3 a6 8.a4 b4 9.Ne2 a5
10.O-O Qc7 11.Ng3 c5 12.c3 bxc3 13.bxc3 Ngf6 14.Qd2 O-O 15.Bh6 Ba6 16.Bxa6 Rxa6
17.Rfe1 e5 18.Bxg7 Kxg7 19.d5 c4 20.Qe2 Rb6 21.Nd2 Rc8 22.Ra2 h5 23.Ngf1 Rbb8
24.h4 Nc5 25.f3 Nd3 26.Rea1 Nd7 27.Ne3 Nf4 28.Qe1 Nd3 29.Qe2 Nf4 30.Qe1  1/2-1/2

[Event "22nd GP Open A"]
[Site "Le Touquet FRA"]
[Date "2007.10.28"]
[Round "2"]
[White "Jactel,N"]
[Black "Le Roux,JP"]
[Result "0-1"]
[WhiteElo "2126"]
[BlackElo "2477"]

1.e4 g6 2.d4 d6 3.Nc3 Bg7 4.Be3 a6 5.Qd2 b5 6.a4 b4 7.Nd1 a5 8.c3 Nf6 9.Bd3 O-O
10.Ne2 Ba6 11.Bxa6 Nxa6 12.f3 c5 13.O-O Rb8 14.Nf2 Qc8 15.cxb4 axb4 16.b3 Rd8
17.Rac1 Qb7 18.Rfd1 Nd7 19.Nd3 cxd4 20.Nxd4 Ndc5 21.Rb1 Nxd3 22.Qxd3 d5 23.Rbc1 Rbc8
24.Qb5 Rxc1 25.Rxc1 Qa7 26.Nc2 d4 27.Bf2 Rc8 28.Qd3 e5 29.Rb1 Rc3 30.Qe2 Bf6
31.Ne1 Nc5 32.Qb5 Be7 33.Qe8+ Kg7 34.Bg3 f6 35.f4 Nxe4 36.fxe5 d3+ 37.Kh1 Nxg3+
38.hxg3 d2 39.exf6+ Bxf6 40.Qe4 Re3 41.Qxb4 Bc3  0-1

[Event "IV Festival"]
[Site "Figueira da Foz POR"]
[Date "2007.11.01"]
[Round "6"]
[White "Hoffmann,Mi1"]
[Black "Vitor,A"]
[Result "1/2-1/2"]
[WhiteElo "2471"]
[BlackElo "2371"]

1.d4 g6 2.e4 Bg7 3.Nc3 d6 4.Nf3 a6 5.Be3 Nd7 6.Bc4 e6 7.a4 Ngf6 8.O-O d5
9.Bd3 dxe4 10.Nxe4 Nxe4 11.Bxe4 Nf6 12.Bg5 Qd6 13.Bd3 O-O 14.c3 b6 15.Nd2 Bb7
16.Bxf6 Bxf6 17.Be4 Bd5 18.Re1 Bg7 19.a5 b5 20.Bxd5 Qxd5 21.Ne4 Rfd8 22.Qe2 e5
23.dxe5 Qxe5 24.h3  1/2-1/2

[Event "KNSB TCh-NED 2007-8"]
[Site "Netherlands NED"]
[Date "2007.11.03"]
[Round "3"]
[White "Feygin,M"]
[Black "Roobol,M"]
[Result "1-0"]
[WhiteElo "2531"]
[BlackElo "2297"]

1.e4 g6 2.d4 Bg7 3.Nc3 d6 4.Bg5 a6 5.Qd2 b5 6.a4 b4 7.Nd5 a5 8.c3 c6 9.Ne3 bxc3
10.bxc3 Nf6 11.Bd3 Ba6 12.f4 O-O 13.Nf3 d5 14.Bxf6 exf6 15.exd5 cxd5 16.O-O Qd6
17.Rab1 Nd7 18.Bxa6 Rxa6 19.Rb5 Nb6 20.Rfb1 Re8 21.g3 Qc6 22.Qd3 Bf8 23.Nd2 Rd8
24.R1b3 Nxa4 25.Rxd5 Rxd5 26.Nxd5 Ra8 27.c4 Re8 28.Ne4 Bg7 29.Rb8 Kh8 30.Ne7 Qd7
31.Nd6  1-0

[Event "13th Venice Autumn"]
[Site "Venice ITA"]
[Date "2007.11.03"]
[Round "4"]
[White "Gallo,E"]
[Black "Mileto,G"]
[Result "0-1"]
[WhiteElo "2077"]
[BlackElo "2164"]

1.e4 g6 2.d4 d6 3.Nc3 Bg7 4.Nf3 Nf6 5.Bd3 O-O 6.h3 Nc6 7.Be3 e5 8.d5 Nb4
9.Bc4 a5 10.Qd2 Bd7 11.O-O Qe8 12.a4 Nh5 13.g4 f5 14.gxh5 f4 15.Kh2 fxe3
16.fxe3 Bh6 17.hxg6 hxg6 18.Nh4 Kh7 19.Qg2 Rg8 20.Rf3 Qe7 21.Qg3 Raf8 22.Rxf8 Qxf8
23.Rg1 Nxc2 24.Nd1 Nxe3 25.Nxg6 Qf6 26.Nxe3 Bf4 27.Nxf4 Rxg3 28.Rxg3 exf4
29.Rf3 Qd4 30.Rxf4 Qxe3 31.Rf7+ Kg6 32.Rxd7 Qf4+  0-1

[Event "VIII Int Rapid"]
[Site "El Sauzal ESP"]
[Date "2007.11.04"]
[Round "9"]
[White "Hernandez Leon,A"]
[Black "Todorcevic,M"]
[Result "0-1"]
[WhiteElo "2207"]
[BlackElo "2448"]

1.e4 g6 2.d4 Bg7 3.Nc3 d6 4.f4 a6 5.Nf3 b5 6.Bd3 Nc6 7.e5 dxe5 8.dxe5 Nh6
9.Be4 Qxd1+ 10.Nxd1 Bb7 11.Be3 O-O 12.Bc5 Rfe8 13.Ne3 e6 14.O-O-O Na5 15.Ng5 Rab8
16.Rd7 Bxe4 17.Nxe4 Nb7 18.Bb4 a5 19.Be7 Nf5 20.Nxf5 gxf5 21.Nf6+ Bxf6 22.exf6 h6
23.Rhd1 Kh7 24.R1d3 Rg8 25.g3  0-1

[Event "13th Venice Autumn"]
[Site "Venice ITA"]
[Date "2007.11.04"]
[Round "5"]
[White "Kasparova,T"]
[Black "Mileto,G"]
[Result "1/2-1/2"]
[WhiteElo "2181"]
[BlackElo "2164"]

1.e4 g6 2.d4 d6 3.Nc3 Bg7 4.h3 Nf6 5.Nge2 O-O 6.g3 e5 7.dxe5 dxe5 8.Qxd8 Rxd8
9.Bg5 c6 10.Bg2 Na6 11.O-O Nc7 12.Rad1 Rxd1 13.Rxd1 Ne6 14.Be3 Kf8 15.Nc1 Ke8
16.Nb3 Bf8 17.Na4 Nd7 18.f4 b5 19.Nc3 a5 20.Ne2 a4  1/2-1/2